Eastern Utah Libraries Catalog: Duchesne, Heber, Roosevelt, & Vernal

Boundless (Record no. 320970)

MARC details
000 -LEADER
fixed length control field 02704nim a22004332i 4500
005 - DATE AND TIME OF LATEST TRANSACTION
control field 20200320221459.0
007 - PHYSICAL DESCRIPTION FIXED FIELD--GENERAL INFORMATION
fixed length control field sd fungnnuuneu
008 - FIXED-LENGTH DATA ELEMENTS--GENERAL INFORMATION
fixed length control field 181202s2019 nnnn ## n eng d
020 ## - INTERNATIONAL STANDARD BOOK NUMBER
International Standard Book Number 9780062941596 :
-- 5.99
040 ## - CATALOGING SOURCE
Language of cataloging eng
Description conventions rda
Modifying agency CTMM
082 04 - DEWEY DECIMAL CLASSIFICATION NUMBER
Classification number [FIC]
100 1# - MAIN ENTRY--PERSONAL NAME
Personal name Salvatore, R. A.
9 (RLIN) 5785485
245 10 - TITLE STATEMENT
Title Boundless
Medium [sound recording] /
Statement of responsibility, etc R. A. Salvatore.
250 ## - EDITION STATEMENT
Edition statement Unabridged.
264 #2 - Production, Publication, Distribution, Manufacture, and Copyright Notice.
Place of production, publication, distribution, manufacture Old Saybrook, Connecticut :
Name of producer, publisher, distributor, manufacturer www.micromarketing.org
264 #1 - Production, Publication, Distribution, Manufacture, and Copyright Notice.
Place of production, publication, distribution, manufacture [New York, New York?] :
Name of producer, publisher, distributor, manufacturer [Harper Audio],
Date of production, publication, distribution, manufacture, or copyr [2019].
300 ## - PHYSICAL DESCRIPTION
Extent 11 sound discs (approximately N/A hours) :
Other physical details digital, CD audio ;
Dimensions 4 3/4 in.
336 ## - Content Type
Content type term spoken word
337 ## - Media type
Media type term audio
338 ## - Carrier type
Carrier type term audio disc
344 ## -
-- digital
-- optical
-- rda
347 ## -
-- audio file
-- CD audio
-- rda
490 1# - SERIES STATEMENT
Series statement A Drizzt novel ;
Volume number/sequential designation 2
500 ## - GENERAL NOTE
General note [Typographic symbols and accents removed for systems compatibility.]
511 1# - PARTICIPANT OR PERFORMER NOTE
Participant or performer note Read by Victor Bevine.
520 ## - SUMMARY, ETC.
Summary, etc Zaknafein had always been conflicted. Only his status as one of the greatest warriors, as well as his friendship with the mercenary Jarlaxle, kept him sane. When he finally perished, he was content knowing he left behind a legacy as substantial as his son Drizzt. Except someone isn't ready for Zaknafein to be dead. And now he's back, hundreds of years later, in a world he doesn't recognize. His son's companions are not the prideful, and bigoted, males the drow warrior was accustomed to in his previous life. Drizzt's circle includes dwarves, elves, and, perhaps worst of all, a human wife. Struggling to navigate this transformed new world, Zaknafein realizes that some things have not changed: the threat of demons and the machinations of a drow matron no longer content with her family's position in the ranks of Houses. Though he has been displaced in time, Zaknafein is still a warrior. And no matter what prejudices he must overcome, he knows he will do his duty and fight by Drizzt's side.
588 ## -
-- Title and description based on researched data; resource not viewed.
650 #0 - SUBJECT ADDED ENTRY--TOPICAL TERM
Topical term or geographic name as entry element Elves
Form subdivision Fiction.
9 (RLIN) 5673898
650 #0 - SUBJECT ADDED ENTRY--TOPICAL TERM
Topical term or geographic name as entry element Demonology
Form subdivision Fiction.
9 (RLIN) 5677070
655 #7 - INDEX TERM--GENRE/FORM
Genre/form data or focus term Audiobooks.
Source of term lcgft
9 (RLIN) 6008473
655 #7 - INDEX TERM--GENRE/FORM
Genre/form data or focus term Fantasy fiction.
Source of term lcgft
9 (RLIN) 6008474
655 #7 - INDEX TERM--GENRE/FORM
Genre/form data or focus term Action and adventure fiction.
Source of term lcgft
9 (RLIN) 6008475
700 1# - ADDED ENTRY--PERSONAL NAME
Personal name Bevine, Victor,
Relator term narrator.
9 (RLIN) 5730390
800 1# - SERIES ADDED ENTRY--PERSONAL NAME
Personal name Salvatore, R. A.,
Dates associated with a name 1959-
Title of a work Drizzt novel.
9 (RLIN) 6008476
942 ## - ADDED ENTRY ELEMENTS (KOHA)
Koha item type CD
948 ## - LOCAL PROCESSING INFORMATION (OCLC); SERIES PART DESIGNATOR (RLIN)
Series part designator, SPT (RLIN) 08/15/2019
b (OCLC) 10/07/2019
z (OCLC) Sirsi
949 ## - LOCAL PROCESSING INFORMATION (OCLC)
n www.MicroMarketing.org 800-229-9887
996 ## -
-- 168814
-- 34301001647371
-- CD
-- CD
-- wcl
-- i
-- 2
-- 31.99
-- .CIRCNOTE. 11 discs
-- MicroMarketing
-- Sal
-- 10/07/2019
-- 11/01/2019
-- 10/21/2019
Holdings
Withdrawn status Lost status Source of classification or shelving scheme Materials specified (bound volume or other part) Damaged status Not for loan Collection code Home library Current library Shelving location Date acquired Cost, normal purchase price Total Checkouts Full call number Barcode Date last seen Date checked out Cost, replacement price Price effective from Koha item type
    Dewey Decimal Classification .CIRCNOTE. 11 discs     Audiobooks Wasatch County Library Wasatch County Library Second Floor 10/07/2019 31.99 3 CD Sal 34301001647371 03/07/2024 09/30/2020 31.99 03/20/2020 Audiobook on CD
This project was made possible through a grant from the Institute of Museum and Library Service administered by the Utah State Library Division.

Wasatch County Library

  • 465 East 1200 South, Heber City, Utah 84032
  • Phone 435-654-1511 | Fax 435-654-6456

Hours

  • Monday - Friday 9:30 AM - 8:00 PM
  • Saturday 9:30 AM - 1:30 PM
  • Closed Sundays and Holidays